[Event "MCR mladeze 2019 - H14"]
[Site "Kouty nad Desnou"]
[Date "2019.03.14"]
[Round "7"]
[White "Frank, Adam"]
[Black "Babula, Vlastimil"]
[Result "1/2-1/2"]
[WhiteElo "2087"]
[BlackElo "2040"]
[EventDate "2019.03.09"]

1. e4  c5  2. Nf3  d6
3. d4  cxd4  4. Nxd4
Nf6  5. Nc3  a6
6. h3  e6  7. g4  b5
8. g5  Nfd7  9. a3
Bb7  10. Be3  Be7
11. h4  Nb6  12. Qh5
g6  13. Qg4  N8d7
14. h5  Ne5  15. Qh3
Rf8  16. hxg6  hxg6
17. f4  Nec4  18. Bf2
e5  19. Ne6  fxe6
20. Qxe6  Qc7  21. Rh7
Nc8  22. Qxg6+  Kd8
23. Bxc4  Qxc4  24. fxe5
Rg8  25. Rg7  Rxg7
26. Qxg7  Bxe4  27. exd6
Nxd6  28. O-O-O  Bf3
29. Re1  Qf4+  30. Be3
Qf7  31. Qh6  Nc4
32. g6  Qf5  33. g7 Kd7
34. Rg1  Nxe3  35. Qxe3
Rg8  36. Qa7+  Ke8
37. Qxa6  Bg5+  38. Kb1
Rxg7  39. Nxb5  Kf8
40. Rf1  Qd5  41. Qc8+
Ke7  42. Re1+  Kf6
43. Nc7  Qd7  44. Ne8+
Kg6  45. Qa6+  Bc6
46. Nxg7  Kxg7  47. Qa5
Bf6  48. Rg1+  Kf8
49. Qc5+  Kf7  50. Qh5+
Kf8  51. Rd1  Qe6
52. Qc5+  Kf7  53. Qd6
Qc4  54. Qc7+  Kf8
55. Qb8+  Kf7  56. Rg1
Bd5  57. Qa7+  Kf8
58. Qb8+  Kf7  59. Qa7+
1/2-1/2

[Event "MCR mladeze 2019 - H14"]
[Site "Kouty nad Desnou"]
[Date "2019.03.14"]
[Round "7"]
[White "Jares, Michal"]
[Black "Vantuch, Lucian"]
[Result "0-1"]
[WhiteElo "1950"]
[BlackElo "1978"]
[EventDate "2019.03.09"]

1. d4  Nf6  2. Nf3  e6
3. g3  c5  4. Bg2
cxd4  5. O-O  d5
6. Nxd4  e5  7. Nb3
Be6  8. Bg5  Nbd7
9. Nc3  Be7  10. Bxf6
Nxf6  11. a4  O-O
12. a5  Rc8  13. Qd3
d4  14. Ne4  Nd5
15. Ra4  Qd7  16. Rfa1
Nb4  17. Rxb4  Bxb4
18. Ng5  Bf5  19. Be4
g6  20. Bxf5  Qxf5
21. Ne4  Rc7  22. f3
Rfc8  23. Rc1  Qe6
24. Ng5  Qc4  25. Qe4
f6  26. Nh3  d3
27. Nf2  Qxe4  28. Nxe4  Rxc2
29. Rxc2  dxc2  30. Nc1
Rd8  31. Kf2  Rd1
32. Nb3  c1=Q  33. Nxc1
Rxc1  34. Nxf6+  Kg7
35. Nd7  Bd6  36. a6
bxa6  37. f4  exf4
38. gxf4  Bxf4  39. Kf3
Bxh2  40. Ke4  Rc7
0-1

[Event "MCR mladeze 2019 - H14"]
[Site "Kouty nad Desnou"]
[Date "2019.03.14"]
[Round "7"]
[White "Vylicil, Adam"]
[Black "Nguyen, Thai Dai Vinh"]
[Result "0-1"]
[WhiteElo "1468"]
[BlackElo "1936"]
[EventDate "2019.03.09"]

1. d4  Nf6  2. Bg5  Ne4
3. Bf4  d5  4. f3
Nf6  5. Nc3  c5
6. e4  cxd4  7. Qxd4  Nc6
8. Bb5  Bd7  9. Qd2
dxe4  10. fxe4  e5
11. Bg5  Bb4  12. Bxf6
Qxf6  13. Nge2  Bg4
14. O-O-O  O-O  15. Rdf1
Qe6  16. Kb1  Rad8
17. Qe3  Nd4 18. Bd3  Bc5
19. Qg3  b5  20. Nxd4
Rxd4  21. Bxb5  Rb8
22. Ba4  Be2 23. Bb3  Bc4
24. Rf5  Bxb3  25. axb3
f6  26. Rf3  Rd2
27. Rd1  Rxd1+  28. Nxd1
Kh8  29. Nc3  Bd4
30. Nd5  a5  31. h4
Rd8  32. h5  Rf8
33. c4  f5  34. exf5
Qc6  35. Qg4  a4
36. h6  Qxh6  37. bxa4 Rb8
38. b4  Qd2  39. Rb3
Qe1+  40. Kc2  Qf2+
41. Kb1  Qf1+  42. Kc2
Qxc4+  43. Nc3  Rxb4
44. Ra3  Rxa4  45. f6
gxf6  46. Rxa4  Qxc3+
47. Kd1  Qb3+  48. Kd2
Qxa4  49. Qc8+  Kg7
50. Qg4+  Kf8  51. Qc8+
Qe8  52. Qh3  Qg6
53. Qc8+  Kg7  54. Qd7+
Kh6  55. Qh3+  Qh5
56. Qa3  Qg5+  57. Kd1
Qg4+  58. Kc1  Qf4+
59. Kd1  Qf1+  0-1

[Event "MCR mladeze 2019 - H14"]
[Site "Kouty nad Desnou"]
[Date "2019.03.14"]
[Round "7"]
[White "Petricek, Lukas"]
[Black "Ret, Adam Josef"]
[Result "0-1"]
[WhiteElo "1879"]
[BlackElo "1888"]
[EventDate "2019.03.09"]

1. e4  d6  2. d4  Nf6
3. Nc3  e5  4. dxe5
dxe5  5. Qxd8+  Kxd8
6. Bg5  Be6  7. O-O-O+
Nbd7  8. f4  exf4
9. Nge2  h6  10. Bxf6+
gxf6  11. Nxf4  Bd6
12. Nfd5  Be5  13. g3
c6  14. Nf4  Ke7
15. Bh3  Bxf4+  16. gxf4
Bxh3  0-1

[Event "MCR mladeze 2019 - H14"]
[Site "Kouty nad Desnou"]
[Date "2019.03.14"]
[Round "7"]
[White "Skypala, Ondrej"]
[Black "Dudek, Vojtech"]
[Result "1/2-1/2"]
[WhiteElo "2013"]
[BlackElo "2025"]
[EventDate "2019.03.09"]

1. e4  c6  2. d4  d5
3. exd5  cxd5  4. c4
Nf6  5. Nc3  g6
6. Bg5  dxc4  7. Bxc4  Bg7
8. Nge2  O-O  9. O-O
Nbd7  10. Bb3  Nb6
11. Rc1  Bd7  12. Qd2
Bc6  1/2-1/2

[Event "MCR mladeze 2019 - H14"]
[Site "Kouty nad Desnou"]
[Date "2019.03.14"]
[Round "7"]
[White "Hlavina, Matous"]
[Black "Rokos, Filip"]
[Result "0-1"]
[WhiteElo "1985"]
[BlackElo "1848"]
[EventDate "2019.03.09"]

1. e4  e5  2. Nf3  Nc6
3. Bb5  a6  4. Ba4
d6  5. c3  Bd7
6. O-O  g6  7. d4  Bg7
8. Re1  Nge7  9. Be3
O-O  10. Nbd2  h6
11. Nf1  Kh7  12. Bc2
Qe8  13. d5  Nb8
14. N3d2  f5  15. f3
f4  16. Bf2  g5
17. c4  Qg6  18. c5  g4
19. cxd6  cxd6  20. Rc1
gxf3  21. Nxf3  Bf6
22. Bb6  Rg8  23. Qd2
Bh3  24. Re2  Qg4
25. Kh1  Nd7  26. Bc7
Rg7  27. Bd1  Rag8
28. Ne1  f3  29. Ne3
fxg2+  30. Kg1  Qf4
31. Nf3  Bh4  32. Re1
Bxe1  33. Qxe1  Nc8
34. Rc2  Nf6  35. Re2
Rxc7  0-1

[Event "MCR mladeze 2019 - H14"]
[Site "Kouty nad Desnou"]
[Date "2019.03.14"]
[Round "7"]
[White "Nezval, Filip"]
[Black "Prochazka, Vojtech"]
[Result "1/2-1/2"]
[WhiteElo "1847"]
[BlackElo "1686"]
[EventDate "2019.03.09"]

1. d4  d5  2. c4  dxc4
3. Nf3  Nf6 4. e3  e6
5. Bxc4  c5  6. dxc5
Qxd1+  7. Kxd1  Bxc5
8. Ke2  O-O  9. Ne5
Nbd7  10. Nxd7  Bxd7
11. f3  Rac8  12. Bd3
e5  13. Nc3  a6
14. Bd2  Be6  15. b3  1/2-1/2

[Event "MCR mladeze 2019 - H14"]
[Site "Kouty nad Desnou"]
[Date "2019.03.14"]
[Round "7"]
[White "Sedy, Matej"]
[Black "Flajsman, Petr"]
[Result "0-1"]
[WhiteElo "1367"]
[BlackElo "1826"]
[EventDate "2019.03.09"]

1. e4  c5  2. Nf3  Nc6
3. d4  cxd4  4. Nxd4
g6  5. c4  Bg7
6. Be3  Nf6  7. Nc3  d6
8. Be2  O-O  9. O-O
Bd7  10. f3  Rc8
11. b3  Qa5  12. Qd2
Be6  13. Rfd1  Nd7
14. Rac1  Nc5  15. a3
Bxd4  16. Bxd4  Nxb3
17. Qe3  Nxc1  18. Qxc1
Nxd4  19. Rxd4  Qb6
20. Qd2  Bxc4  21. Kf1
Bxe2+  22. Nxe2  Qb1+
23. Kf2  Rc2  24. Qd3
Qa2  25. Qd1  Rfc8
26. Ke1  Qxa3  27. Rd3
Qb2  28. Kf2  Rxe2+
29. Qxe2  Rc2  30. Re3
Rxe2+  31. Rxe2  Qd4+
32. Kf1  a5  33. h3
a4  34. Ke1  a3
35. Ra2  Qg1+  36. Ke2  Qxg2+ 0-1

[Event "MCR mladeze 2019 - H16"]
[Site "Kouty nad Desnou"]
[Date "2019.03.14"]
[Round "7"]
[White "Martirosyan, Ara"]
[Black "Mica, Marek"]
[Result "1/2-1/2"]
[WhiteElo "1885"]
[BlackElo "2240"]
[EventDate "2019.03.09"]

1. d4  Nf6  2. Bf4  e6
3. e3  b6  4. Nf3
Bb7  5. Nbd2  d6
6. h3  Nbd7  7. c3
Qe7  8. Qa4  a6
9. Be2  g6  10. Rd1  Bg7
11. O-O  O-O  12. Qc2
h6  13. Ne1  e5
14. dxe5  Nxe5  15. Nef3  Nxf3+
16. Bxf3  Bxf3  17. Nxf3
Qe4  18. Qxe4  Nxe4
19. Nd4  Rfe8  20. f3
Nc5  21. e4  Kh7
22. b3  Ne6  1/2-1/2

[Event "MCR mladeze 2019 - H16"]
[Site "Kouty nad Desnou"]
[Date "2019.03.14"]
[Round "7"]
[White "Szotkowski, David"]
[Black "Krizek, Krystof"]
[Result "1/2-1/2"]
[WhiteElo "1709"]
[BlackElo "1804"]
[EventDate "2019.03.09"]

1. d4  Nf6  2. c4  e6
3. g3  d5  4. Bg2
dxc4  5. Nf3  a6
6. O-O  Nc6  7. e3
Rb8  8. Nfd2  Nd5
9. Nxc4  b5  10. Ncd2
Bb7  11. Nc3  Nxc3
12. bxc3  Na5  13. e4
Be7  14. Nb3  Nc4
15. Qg4  g6  16. Bh6
f5  17. Qe2  Kf7
18. exf5  exf5  19. Bxb7
Rxb7  20. Rfe1  Qd7
21. Rad1  Re8  22. Qf3
Rbb8  23. Re2  Ba3
24. Rde1  Rxe2  25. Rxe2
Re8  26. Nd2  Rxe2
27. Qxe2  Qe6  28. Kf1
Nb6  29. Qd3  Qxa2
30. Nf3  Qd5  31. Ng5+
Ke8  32. Qe3+  Kd8
33. Nxh7  Qh1+  34. Ke2
Qe4  35. Qxe4  fxe4
36. Nf6  a5  37. Nxe4
a4  38. Kd2  Kd7
39. g4  Be7  40. f4
Nc4+  41. Kc1  Ke6
42. Ng5+  Kd5  43. Nf7
c5  44. dxc5  Bxc5
45. h4  Be3+  46. Kc2
Ke4  47. h5  gxh5
48. gxh5  Na3+  1/2-1/2

[Event "MCR mladeze 2019 - H16"]
[Site "Kouty nad Desnou"]
[Date "2019.03.14"]
[Round "7"]
[White "Fojt, Petr"]
[Black "Stinka, Jakub"]
[Result "1/2-1/2"]
[WhiteElo "2058"]
[BlackElo "2196"]
[EventDate "2019.03.09"]

1. e4  c5  2. Nf3  d6
3. Bb5+  Bd7  4. Bxd7+
Qxd7  5. O-O  Nc6
6. c3  Nf6  7. Re1
e6  8. d4  cxd4
9. cxd4  d5  10. e5  Ne4
11. Nbd2  Nxd2  12. Bxd2
Be7  13. Rc1  O-O
14. Rc3  Rfc8  15. a3
Rc7  16. Qc2  Rac8
17. Rc1  Bd8  18. Qd1
Ne7  19. Rxc7  Rxc7
20. Rxc7  Bxc7  21. Bc3
h6  22. Qd2  Qa4
23. g4  Nc6  24. Ne1
Ba5  25. Nc2  Bxc3
26. Qxc3  Qc4  27. Qxc4
dxc4  28. Kg2  b5
29. Kf3  1/2-1/2

[Event "MCR mladeze 2019 - H16"]
[Site "Kouty nad Desnou"]
[Date "2019.03.14"]
[Round "7"]
[White "Pavlicek, Lukas"]
[Black "Placer, Sebastian"]
[Result "0-1"]
[WhiteElo "2003"]
[BlackElo "1947"]
[EventDate "2019.03.09"]

1. e4  c6  2. d4  d5
3. e5  Bf5  4. Ne2
e6  5. Ng3  Bg6
6. h4  h6  7. h5  Bh7
8. Bd3  Bxd3  9. cxd3
Qb6  10. Be3  Qxb2
11. Nd2  Qb6  12. O-O
Nd7  13. Rb1  Qa6
14. Qc2  Rc8  15. f4
Ne7  16. f5  exf5
17. Nxf5  Nxf5  18. Rxf5
Be7  19. Rbf1  O-O 20. R1f3
c5  21. Qd1  cxd4
22. Bf4 Qe6 23. Bg3  Bg5  24.
Nb3  Be3+  25. Bf2  Nxe5 26. Nxd4
Nxf3+  27. Rxf3  Bxf2+
0-1

[Event "MCR mladeze 2019 - H16"]
[Site "Kouty nad Desnou"]
[Date "2019.03.14"]
[Round "7"]
[White "Nemec, David"]
[Black "Volak, Simon"]
[Result "1/2-1/2"]
[WhiteElo "1895"]
[BlackElo "1843"]
[EventDate "2019.03.09"]

1. e4  c6  2. d4  d5
3. exd5  cxd5  4. c4
Nf6  5. Nc3  e6
6. Bg5  Be7  7. c5  O-O
8. Nf3  Nc6  9. Bb5
Qc7  10. O-O  Bd7
11. Rb1  Ne4  12. Bxe7
Nxe7  13. Bd3  Bc6
14. Ne5  Nxc3  15. bxc3
f6  16. Nxc6  Nxc6
17. Qh5  g6  18. Qg4
e5  19. Bb5  Kg7
20. Rfe1  f5  21. Qg3
f4  22. Qg4  Rae8
23. Bxc6  bxc6  24. Rxe5
Rxe5  25. dxe5  Rf5
26. e6  Qe5  27. Rb7+
Kg8  28. h3  Qxe6
29. Qh4  Rf7  30. Qd8+
Kg7  31. Rxf7+  Qxf7
32. Qd6  Qf6  33. Qd7+
Kh6  34. Qg4  Qg5
35. Qc8  Qf6  36. Qg4
Qg5  37. Qc8  Qf6
1/2-1/2

[Event "MCR mladeze 2019 - H16"]
[Site "Kouty nad Desnou"]
[Date "2019.03.14"]
[Round "7"]
[White "Polansky, Adam Lubos"]
[Black "Kucera, Tomas"]
[Result "1-0"]
[WhiteElo "2018"]
[BlackElo "1904"]
[EventDate "2019.03.09"]

1. d4  f5  2. Nc3  Nf6
3. Bg5  e6  4. e4
fxe4  5. Nxe4  Be7
6. Bxf6  Bxf6  7. c3
b6  8. Bd3  Bb7
9. Qc2  Qe7  10. O-O-O  Nc6
11. f4  O-O-O  12. Nf3
Rdf8  13. h4  h5
14. g3  Nd8  15. Rhe1
Nf7  16. Qf2  Nh6
17. Ned2  Ng4  18. Qe2
Qf7  19. Be4  Re8
20. Bxb7+  Kxb7  21. Ne4
Rhf8  22. Ne5  Bxe5
23. dxe5  Rd8  24. Qb5
Ka8  25. Rd4  Rfe8
26. Red1  Re7  27. Ra4
Rb8  28. Rdd4  Rb7
29. Rdb4  Qf5  30. Qa6
Nxe5  31. fxe5  b5
32. Ra5  c6  33. Qxb7+
1-0

[Event "MCR mladeze 2019 - H16"]
[Site "Kouty nad Desnou"]
[Date "2019.03.14"]
[Round "7"]
[White "Barak, David"]
[Black "Novotny, Ondrej"]
[Result "1-0"]
[WhiteElo "2019"]
[BlackElo "1933"]
[EventDate "2019.03.09"]

1. d4  Nf6  2. c4  e6
3. Nc3  d5  4. cxd5
exd5  5. Bg5  Be7
6. e3  O-O  7. Bd3
c6  8. Qc2  h6
9. Bh4  Re8  10. Nge2  Ne4
11. Bg3  f5  12. O-O
Bd6  13. Bxd6  Nxd6
14. b4  Be6  15. b5
a6  16. a4  Qd7
17. Rab1  Rc8  18. Qb2  cxb5
19. axb5  a5  20. Nf4
Nc4  21. Bxc4  Rxc4
22. Nd3  Qc8  23. Rfc1
Nd7  24. b6  Qc6
25. Ne2  Ra6  26. Rxc4
dxc4  27. Ne5  Nxe5 28. dxe5
Qe4  29. Rd1  a4
30. Nf4  a3  31. Qb5
Qc6  32. Qxc6  bxc6
33. b7  Rb6  34. Rd8+
Kf7  35. b8=Q  Rxb8
36. Rxb8  c3  37. Ne2
c2  38. Nc1  a2
39. Rb7+  Kg6  40. Ra7  f4
41. exf4  Kf5  42. f3
Kxf4  43. Kf2  Kxe5
44. Ke3  Ke4+ 45. Kxe4 1-0

[Event "MCR mladeze 2019 - H16"]
[Site "Kouty nad Desnou"]
[Date "2019.03.14"]
[Round "7"]
[White "Nytra, Ondrej"]
[Black "Hofman, Krystof"]
[Result "0-1"]
[WhiteElo "1998"]
[BlackElo "2012"]
[EventDate "2019.03.09"]

1. e4  c5  2. Nf3  Nc6
3. d4  cxd4  4. Nxd4
Nf6  5. Nc3  e5
6. Ndb5  d6  7. Bg5  a6
8. Na3  b5  9. Nd5
Be7  10. Bxf6  Bxf6
11. c3  O-O  12. Nc2
Bg5  13. a4  bxa4
14. Rxa4  a5  15. Bc4
Rb8  16. b3  Kh8
17. O-O  f5  18. exf5
Bxf5  19. Nce3  Bg6
20. Qe2  Bh4  21. f4
Qc8  22. f5  Be8
23. f6  Bxf6  24. Nxf6
Rxf6  25. Rxf6  gxf6
26. Bd3  Bg6  27. Bxg6
hxg6  28. Qd3  Kg7
29. Qxd6  Rxb3  30. Ra1
Kf7  31. Rd1  Ne7
32. Rf1  Qe6  33. Qc7
Qb6  34. Qxe5  Nf5
35. Qd5+  Kf8  36. Rf3
Rb1+  37. Kf2  Qb2+
38. Nc2  Qxc2+  39. Qd2
Qxd2# 0-1

[Event "MCR mladeze 2019 - H16"]
[Site "Kouty nad Desnou"]
[Date "2019.03.14"]
[Round "7"]
[White "Glozar, Petr"]
[Black "Ocko, Dominik"]
[Result "1/2-1/2"]
[WhiteElo "1883"]
[BlackElo "1914"]
[EventDate "2019.03.09"]

1. d4  e6  2. c4  b6
3. Nc3  Bb7  4. e3
Nf6  5. Nf3  d5
6. Bd3  dxc4  7. Bxc4  Nbd7
8. O-O  Be7  9. Qe2
O-O  10. e4  c5
11. Rd1  cxd4  12. Nxd4  Qc7
13. Ncb5  Qe5  14. f3
a6  15. Nc3  b5
16. Bb3  Nc5  17. Bc2  Nh5
18. Qf2  Bg5  19. Bxg5
Qxg5  20. b4  Na4
21. Bxa4  bxa4  22. Nxa4
e5  23. Nf5  Nf4
24. Kh1  Bc6  25. Nc3
Rfd8  26. Qg3  Qf6
27. Ne3  Rd4  28. Rxd4
exd4  29. Ned5  Bxd5
30. Nxd5  Nxd5  31. exd5
Rd8  32. Rc1  d3
33. Qe1  Qd4  34. Qd2
Qxd5  35. h3  g6
36. Rc3  a5  37. a3
axb4  38. axb4  Qe5
39. Rxd3  Rxd3  40. Qxd3
Qe1+  41. Kh2  Qxb4
1/2-1/2

[Event "MCR mladeze 2019 - H16"]
[Site "Kouty nad Desnou"]
[Date "2019.03.14"]
[Round "7"]
[White "Hurtik, Matej"]
[Black "Travnicek, Krystof Mikulas"]
[Result "1-0"]
[WhiteElo "1959"]
[BlackElo "1968"]
[EventDate "2019.03.09"]

1. f4  g6  2. Nf3  d5
3. e3  Bg7  4. Nc3
Nf6  5. b3  O-O
6. Bb2  c5  7. Bd3  Nc6
8. a3  e5  9. Nxe5
Nxe5  10. fxe5  Ng4
11. Na4  b6 12. Qe2  Nxe5
13. Bxe5  Bxe5  14. O-O-O
Qc7  15. c4  b5
16. cxb5  Qa5  17. Bc2  Rb8
18. d4  cxd4  19. exd4
Bf4+  20. Kb2  Rxb5
21. Nc3  Rb8  22. h4
Bd6  23. Ra1  h5
24. Qf3  Be6  25. Rhe1
Kg7  26. a4  Rfc8
27. Nb5  Qd2  28. Qd3
Qxd3  29. Bxd3  Bb4
30. Rec1  a5  31. Na7
Rxc1  32. Rxc1  Ra8
33. Nc6  Bd2  34. Rc5
Kf6  35. Kc2  Be1
36. Kd1  Bxh4  37. Rxa5
Rc8  38. Rc5  Bf2
39. Rc2  Bg4+  40. Kc1
Be3+  41. Kb2  Bd1
42. Rc3  Bd2  43. Rc5
Ke6  44. Ba6  Rc7
45. Nd8+  Kd7  46. Nxf7
Rxc5  47. dxc5  Bb4
48. Ne5+  Kc7  49. Nd3
Bd2  50. b4  Bxa4
51. b5  Be3  52. Kc3
g5  53. Kb4  Bc2
54. b6+  Kb8  55. Ne5
Bd2+  56. Kb5  1-0

[Event "MCR mladeze 2019 - H16"]
[Site "Kouty nad Desnou"]
[Date "2019.03.14"]
[Round "7"]
[White "Kubice, Jakub"]
[Black "Vorisek, Jakub"]
[Result "0-1"]
[WhiteElo "1605"]
[BlackElo "2077"]
[EventDate "2019.03.09"]

1. Nf3  d5  2. c4  e6
3. d4  c5  4. cxd5
exd5  5. Nc3  Nc6
6. g3  Nf6  7. Bg2
Be7  8. O-O  O-O
9. Bg5  c4  10. Ne5
Be6 11. Nxc6  bxc6  12. b3
h6  13. Be3  Qa5
14. Na4  Rac8  15. bxc4
dxc4  16. Qc2  Rfd8
17. Rfd1  Nd5  18. Bd2
Qa6  19. e3  Nb6
20. Nb2  c5  21. Bc3
Nd5  22. Bxd5  Bxd5
23. e4  cxd4  24. Rxd4
Be6  25. a4  Bc5
26. Rxd8+  Rxd8  27. Rd1
Rxd1+  28. Qxd1  Qd6
29. Qxd6  Bxd6  30. f4
g6  31. h4  Bc5+
32. Kf1  h5  33. Ke2
Kf8  34. Nd1  Bg4+
35. Kd2  Bxd1  36. Kxd1
Bf2  37. Be1  Bxe1
38. Kxe1  Ke7  39. Kd2
Kd6  40. Kc3  Kc5
41. f5  gxf5  42. exf5
a5  43. g4  hxg4
44. h5  g3  45. h6
g2  46. h7  g1=Q
0-1

[Event "MCR mladeze 2019 - H16"]
[Site "Kouty nad Desnou"]
[Date "2019.03.14"]
[Round "7"]
[White "Tajovsky, Matej"]
[Black "Zeman, Daniel"]
[Result "0-1"]
[WhiteElo "1810"]
[BlackElo "1804"]
[EventDate "2019.03.09"]

1. e4 c5 2. Nf3  d6  3. d4  cxd4
4. Nxd4  Nf6  5. Nc3
a6  6. Bg5  e6
7. f4 Be7 8. Qd2  O-O  9. Be2  b5
10. Bf3  Ra7 11. O-O-O  h6
12. h4  b4  13. Nb1
e5  14. Bxf6  Bxf6
15. Ne2  exf4  16. Nxf4
Bxh4  17. Qxb4  Bg5
18. g3  Nc6  19. Qxd6
Qb6  20. Rd3  Rd8
21. Qa3  Rxd3  22. Qxd3
Nb4  23. Qa3  Rc7
24. Bd1  a5  25. Nd2
Be6  26. Nxe6  fxe6
27. Qb3  a4  28. Qf3
Nxa2+  29. Kb1  Nc3+
30. Kc1  Na2+  31. Kb1
Bf6  32. Qa3  Nc3+
33. Kc1  Nb5  34. Qd3
a3  35. bxa3  Nxa3
36. Qxa3  Ra7  37. Qb3
Ra1+  38. Nb1  Qd4
39. Rf1  Rxb1+  0-1

[Event "MCR mladeze 2019 - FIDE Open"]
[Site "Kouty nad Desnou"]
[Date "2019.03.14"]
[Round "7"]
[White "Langner, Ladislav"]
[Black "Sikorova, Olga"]
[Result "0-1"]
[WhiteElo "2382"]
[BlackElo "2241"]
[EventDate "2019.03.09"]

1. e4  e6  2. d4  d5
3. e5  c5  4. c3
Nc6  5. Nf3  Bd7
6. Be2  Nge7  7. dxc5
Ng6  8. Be3  Qc7
9. O-O  Be7  10. Na3
Ncxe5  11. Nxe5  Nxe5
12. Nb5  Bxb5  13. Bxb5+
Kf8  14. b4  h5
15. h3  Rd8  16. Bf4  f6
17. Qe2  b6  18. c4
d4  19. cxb6  axb6
20. a3  Bd6  21. Rad1
g5  22. Bc1  d3
23. Qe3  g4  24. Bb2  gxh3
25. Bxe5  Bxe5  26. Qxh3
d2  27. Qxe6  h4
28. f4  Bb2  29. Rf3
Rh7  30. c5  bxc5
31. Bc4  Rg7  32. bxc5
Qxc5+  33. Kh2  Qd4
34. Rd3  Qxf4+  35. Kh1
Rxd3  36. Bxd3  Re7
37. Qc8+  Kg7  38. Rg1
Be5  39. Qh3  Rc7
40. Rd1  Qg3  41. Qxg3+
hxg3  42. a4  Bd4
43. a5  Be3  44. a6
Rc5  45. Be2  f5
46. Bd3  Kf6  47. a7
Rc8  48. Bxf5  Kxf5
49. Rf1+  Kg4  50. a8=Q
Rxa8  51. Rf4+  Bxf4
0-1

[Event "MCR mladeze 2019 - FIDE Open"]
[Site "Kouty nad Desnou"]
[Date "2019.03.14"]
[Round "7"]
[White "Lorenc, Tomas"]
[Black "Pycha, Patrik"]
[Result "1/2-1/2"]
[WhiteElo "2173"]
[BlackElo "2027"]
[EventDate "2019.03.09"]

1. c4  c5  2. g3  g6
3. Bg2  Bg7  4. Nc3
Nc6  5. a3  Nf6
6. Rb1  a5  7. Nf3  O-O
8. O-O  d6  9. d3
Bd7  10. Ne1  Rb8
11. Nc2  Ne8  12. Bd2
Nc7  13. b4  axb4
14. axb4  cxb4  15. Nxb4
Nxb4  16. Rxb4  b5
17. Qc1  Na6  18. Rb1
bxc4  19. Rxb8  Qxb8
20. Nd5  Re8  21. Qxc4
Nc5  22. Qh4  Qd8
23. Bg5  f6  24. Be3
e6  25. Nc3  f5
26. Bg5  Qa5  27. Nd1  Qa4
28. Qxa4  Nxa4  29. Bd2
Rc8  30. Bb4  Bf8
31. Ne3  Rb8  32. Nc2
1/2-1/2

[Event "MCR mladeze 2019 - FIDE Open"]
[Site "Kouty nad Desnou"]
[Date "2019.03.14"]
[Round "7"]
[White "Londin, Simon"]
[Black "Bochnicka, Vladimir"]
[Result "1-0"]
[WhiteElo "2125"]
[BlackElo "2149"]
[EventDate "2019.03.09"]

1. e4  e5  2. Nf3  Nf6
3. Nc3  Nc6  4. Bb5
Bb4  5. O-O  O-O
6. d3  d6  7. Bg5
Bxc3  8. bxc3  Ne7
9. Bxf6  gxf6  10. Qd2
Ng6  11. Qh6  Kh8
12. Kh1  Rg8  13. g3
Bg4  14. Nd2  c6
15. f3  Be6  16. Ba4
Qa5  17. Bb3  Qxc3
18. Nc4  d5  19. Ne3
Qc5  20. Rae1  Rad8
21. Ng4  Qe7  22. h4
Rd6  23. Qh5  Nf8
24. Nh6  Rxg3  25. Nf5
Bxf5  26. exf5  Rd8
27. Rg1  Rxg1+  28. Rxg1
Nd7  29. Qg4  Qf8
30. Qa4  Qh6  31. Rg4
e4  32. Qa5  Re8
33. fxe4  Ne5  34. Rg2
Qxh4+  35. Kg1  Qe1+
36. Qxe1  Nf3+  37. Kf2
Nxe1  38. Kxe1  dxe4
39. Re2  Re5  40. dxe4
Kg7  41. Kf2  h5
42. Kg3  Kh6  43. Kf4
Re7  44. Rd2  h4
45. c3  Kg7  46. Bc2
Re5  47. Kg4  Rc5
48. Rd3  b5  49. Bb3
a5  50. Kxh4  a4
51. Bd1  Rc4  52. Re3
Kf8  53. Be2  Rc5
54. a3  Ke7  55. Kg4
Re5  56. Kf4  Kd6
57. Rd3+  Kc7  58. Bh5
Re7  59. Rd4  c5
60. Rd5  Kc6  61. Ke3
Ra7  62. Be2  Ra5
63. Rd8  b4  64. cxb4
cxb4  65. axb4  Ra7
66. Bc4  a3  67. Rf8
a2  68. Bxa2  Rxa2
69. Rxf7  Kb5  70. Rxf6
Kxb4  71. Rd6  Kc5
72. Rd2  Ra1  73. Kf4
Rf1+  74. Kg5  1-0

[Event "MCR mladeze 2019 - FIDE Open"]
[Site "Kouty nad Desnou"]
[Date "2019.03.14"]
[Round "7"]
[White "Hanl, Frantisek"]
[Black "Bares, Jachym"]
[Result "1-0"]
[WhiteElo "2137"]
[BlackElo "2022"]
[EventDate "2019.03.09"]

1. b3  e5  2. Bb2  Nc6
3. e3  d6  4. Bb5
Bd7  5. Nf3  Be7
6. d4  exd4  7. Nxd4
Nf6  8. Nxc6  bxc6
9. Bd3  d5  10. Nd2
O-O  11. O-O  Bd6
12. Nf3  Bg4  13. h3
Bh5  14. Rc1  Re8
15. Be2  Ne4  16. c4
Qd7  17. Qd4  Nf6
18. Rfd1  c5  19. Qd2
Ne4  20. Qc2  dxc4
21. Qxc4  Qe7  22. Rd5
Bg6  23. Rf1  Rad8
24. Ba1  Ng3  25. Re1
Ne4  26. Bf1  Kh8
27. Ne5  c6  28. Nxg6+
fxg6  29. Rdd1  Qh4
30. Qc2  Rf8  31. f4
Nf6  32. Qf2  Qh6
33. g4  g5  34. f5
Ne4  35. Qf3  Rfe8
36. Bd3  Nf6  37. e4
Nd7  38. Bc4  Ne5
39. Qc3  Nxg4  40. Rxd6
Rxd6  41. hxg4  Rd7
42. f6  Rd4  43. Qf3
Rd2  44. fxg7+  1-0

[Event "MCR mladeze 2019 - FIDE Open"]
[Site "Kouty nad Desnou"]
[Date "2019.03.14"]
[Round "7"]
[White "Nagy, Ladislav"]
[Black "Balin, Daniel"]
[Result "1/2-1/2"]
[WhiteElo "1923"]
[BlackElo "1811"]
[EventDate "2019.03.09"]

1. e4  c5  2. Nc3  Nc6
3. g3  g6  4. Bg2
Bg7  5. d3  d6
6. f4  Nf6  7. Nf3  O-O
8. O-O  Nd4  9. h3
Rb8  10. Be3  Nxf3+
11. Qxf3  b5  12. g4
b4  13. Nd1  Qa5
14. a4  b3  15. c4
Nd7  16. Qe2  Bd4
17. Kh1  Qc7  18. Nc3
Bxc3  19. bxc3  Qa5
20. f5  Qxc3  21. Bh6
Re8  22. fxg6  hxg6
23. Bd2  Qc2  24. Rac1
Qa2  25. Ra1  Qc2
1/2-1/2

[Event "MCR mladeze 2019 - FIDE Open"]
[Site "Kouty nad Desnou"]
[Date "2019.03.14"]
[Round "7"]
[White "Kupsa, Matej"]
[Black "Kubicek, Antonin"]
[Result "1/2-1/2"]
[WhiteElo "1987"]
[BlackElo "2111"]
[EventDate "2019.03.09"]

1. e4  d6  2. d4  g6
3. Nc3  Bg7  4. Be3
c6  5. f3  Nd7
6. g4  e5  7. h4  h5
8. g5  Ne7  9. d5
Qc7  10. Qd2  cxd5
11. Nxd5  Nxd5  12. exd5
O-O  13. O-O-O  Nc5
14. Bh3  a5  15. Ne2
a4  16. Bxc5  Qxc5
17. Nc3  Bf5  18. Ne4
Bxe4  19. fxe4  Qc4 20. Qd3
Qxa2  21. Kd2  Qxb2
22. Rb1  Qd4  23. Qxd4
exd4  24. Rxb7  Rfb8
25. Rxb8+  Rxb8  26. Ra1
Ra8  27. Ra3  Ra7
28. Bf1  f6  29. Bb5
fxg5  30. hxg5  h4
31. Ke2  Be5  32. Rxa4
Rxa4  33. Bxa4  Bf4
34. Kf3  Bxg5  35. Kg4
Bd8  36. Be8  Kg7
37. Bb5  Kf7  38. Bc4
Bf6  39. Bd3  Ke7
40. e5  dxe5  41. Bxg6
Kd6  42. Be4  Bd8
43. Bg2  Kc5  44. Kf5
Bc7  45. Kg4  Bd8
46. Kf5  Bc7  47. Kg4
Bd8  48. Kf5  Kd6
49. Kg4  Be7  50. Kf5
h3  51. Bxh3  Kxd5
52. Bg2+  Kd6  53. Ke4
1/2-1/2